header

Quality of life (Record no. 63185)

MARC details
000 -LEADER
fixed length control field 01197nam a2200325 a 4500
082 04 - DEWEY DECIMAL CLASSIFICATION NUMBER
Classification number 362.1
245 00 - TITLE STATEMENT
Title Quality of life
260 ## - PUBLICATION, DISTRIBUTION, ETC. (IMPRINT)
Place of publication London :
Name of publisher BMJ,
Year of publication 2003.
300 ## - PHYSICAL DESCRIPTION
Number of Pages vii, 133 p.
650 #0 - SUBJECT ADDED ENTRY--TOPICAL TERM
Topical Term Quality of life.
Topical Term Quality of life
700 1# - ADDED ENTRY--PERSONAL NAME
Personal name Carr, Alison.
Personal name Higginson, Irene.
Personal name Robinson, Peter G.
856 40 - ELECTRONIC LOCATION AND ACCESS
Uniform Resource Identifier http://site.ebrary.com/lib/rucke/Doc?id=10033029

No items available.

© 2026 Rongo University
Contact us: librarian | system librarian | Rongo university